000 00553nam a2200169 i 4500
001 30656
003 ES-MaACL
005 20230906154231.0
007 t|
008 030127s1933 fr ||||1| fre d
100 1 _aBatardon, Léon.
_926406
245 1 0 _aTraité pratique des Societés commerciales
_b: aux points de une comptable, juridique et fiscal (avec formules) /
_cLeón Batardon.
250 _a7eme ed.
260 _aParis :
_bDunod.,
_c1933 (
_eChartres :
_fLainé et Tantet)
300 _aXXIX, 914 p. ;
_c25 cm.
852 _aES-MaACL
_jA-2481
999 _c30656
_d30656